000 00295nam a2200133Ia 4500
005 20260328104334.0
008 260328s9999||||xx |||||||||||||| ||und||
100 _aMostaedi, Arian
245 0 _aCasas /
_cArian Mostaedi
260 _bMonsa
300 _a182 p.
650 _aCASAS
942 _cBK
999 _c11820
_d11820